| 000 | 00739nam a22001937a 4500 | ||
|---|---|---|---|
| 999 |
_c157862 _d157862 |
||
| 005 | 20181006112104.0 | ||
| 010 | _aENG-124187 | ||
| 020 |
_a9789352807116 _c350.00 |
||
| 035 | _aEN-107719 | ||
| 037 | _bDBAD/PUB | ||
| 082 | 0 | 0 | _a363.705610954 |
| 100 | _aKandpal, Prakash Chand | ||
| 245 | 1 | 0 |
_aEnvironmental governance in india: _cby Prakash Chand Kandpal _bissues and challenges / |
| 260 |
_a New Delhi _bSAGE Publications, _c2018 |
||
| 270 |
_aB1/I-1 Mohan Cooperative Industrial Area, Mathura Road _b New Delhi _e110044 |
||
| 300 |
_axl,255p.(C-1p,B-1p, B-5p, I-1p) _c24 cm.(pbk) |
||
| 500 | _aIt include conclusion, annotated bibliography, select bibliography and index | ||
| 942 |
_2ddc _cEN _h363.705610954 _mKAN |
||